[Event "Deutsche Ländermeisterschaft 2021"]
[Site "Neumünster GER"]
[Date "2021.10.04"]
[Round "4"]
[White "Lesny, Florian"]
[Black "Post, Hugo"]
[Result "0-1"]
[Termination "normal"]
[Board "5.2"]
[WhiteElo "2171"]
[BlackElo "2188"]
[WhiteClock "00:20:38"]
[BlackClock "00:39:41"]
[WhiteTeam "Hessen"]
[BlackTeam "Sachsen-Anhalt"]
[PlyCount "62"]
[WhiteFideId "12973874"]
[BlackFideId "12962490"]
[EventCountry "GER"]
[EventRounds "7"]
[EventType "team-swiss"]
[EventDate "2021.10.01"]

1. e4 {[%clk 1:30:58]} c5 {[%clk 1:30:55]} 2. Nf3 {[%clk 1:31:18]} d6 {[%clk
1:31:22]} 3. d4 {[%clk 1:31:36]} cxd4 {[%clk 1:31:49]} 4. Nxd4 {[%clk 1:31:54]}
Nf6 {[%clk 1:32:15]} 5. Nc3 {[%clk 1:32:06]} a6 {[%clk 1:32:40]} 6. Be3 {[%clk
1:32:23]} e5 {[%clk 1:33:07]} 7. Nb3 {[%clk 1:32:37]} Be6 {[%clk 1:33:30]} 8.
f3 {[%clk 1:32:41]} Be7 {[%clk 1:33:56]} 9. Qd2 {[%clk 1:32:32]} h5 {[%clk
1:34:23]} 10. Nd5 {[%clk 1:28:56]} Bxd5 {[%clk 1:34:40]} 11. exd5 {[%clk
1:29:15]} Nbd7 {[%clk 1:35:09]} 12. Be2 {[%clk 1:25:43]} Qc7 {[%clk 1:35:33]}
13. c4 {[%clk 1:22:25]} a5 {[%clk 1:35:49]} 14. Rc1 {[%clk 1:20:31]} O-O {[%clk
1:35:40]} 15. O-O {[%clk 1:17:28]} Nh7 {[%clk 1:35:37]} 16. Rfd1 {[%clk
1:10:26]} Qd8 {[%clk 1:26:55]} 17. Na1 {[%clk 0:58:30]} Bg5 {[%clk 1:26:14]}
18. Nc2 {[%clk 0:56:39]} h4 {[%clk 1:17:18]} 19. Na3 {[%clk 0:48:22]} f5 {[%clk
1:13:16]} 20. Bd3 {[%clk 0:41:00]} Nc5 {[%clk 1:07:42]} 21. Kh1 {[%clk
0:37:54]} h3 {[%clk 1:00:39]} 22. g4 {[%clk 0:33:55]} e4 {[%clk 0:51:41]} 23.
fxe4 {[%clk 0:32:57]} fxg4 {[%clk 0:43:10]} 24. e5 {[%clk 0:28:06]} Nxd3 {[%clk
0:42:52]} 25. Qxd3 {[%clk 0:24:28]} Rf3 {[%clk 0:42:18]} 26. Bxg5 {[%clk
0:24:10]} Qxg5 {[%clk 0:42:36]} 27. Qd4 {[%clk 0:23:28]} dxe5 {[%clk 0:40:35]}
28. Qb6 {[%clk 0:22:18]} Raf8 {[%clk 0:39:07]} 29. d6 {[%clk 0:21:28]} Qf4
{[%clk 0:39:12]} 30. d7 {[%clk 0:20:29]} Rf1+ {[%clk 0:39:14]} 31. Rxf1 {[%clk
0:20:38]} Qe4+ {[%clk 0:39:41]} 0-1

[Event "Deutsche Ländermeisterschaft 2021"]
[Site "Neumünster GER"]
[Date "2021.10.04"]
[Round "4"]
[White "Bakiev, Diyor"]
[Black "Dietz, Kristin"]
[Result "1-0"]
[Termination "normal"]
[Board "5.4"]
[WhiteElo "2096"]
[BlackElo "1924"]
[WhiteClock "01:10:17"]
[BlackClock "01:17:42"]
[WhiteTeam "Hessen"]
[BlackTeam "Sachsen-Anhalt"]
[PlyCount "79"]
[WhiteFideId "16241584"]
[BlackFideId "12993743"]
[EventCountry "GER"]
[EventRounds "7"]
[EventType "team-swiss"]
[EventDate "2021.10.01"]

1. e4 {[%clk 1:30:57]} c5 {[%clk 1:30:55]} 2. Nf3 {[%clk 1:31:20]} e6 {[%clk
1:31:19]} 3. c3 {[%clk 1:31:47]} Nf6 {[%clk 1:31:35]} 4. e5 {[%clk 1:32:11]}
Nd5 {[%clk 1:31:59]} 5. d4 {[%clk 1:32:36]} cxd4 {[%clk 1:32:09]} 6. cxd4
{[%clk 1:32:59]} d6 {[%clk 1:32:28]} 7. a3 Nc6 {[%clk 1:28:22]} 8. Bd3 {[%clk
1:32:47]} Be7 {[%clk 1:28:24]} 9. O-O {[%clk 1:33:00]} O-O {[%clk 1:24:44]} 10.
Qe2 {[%clk 1:33:12]} dxe5 {[%clk 1:21:33]} 11. dxe5 {[%clk 1:27:23]} Qc7 {[%clk
1:19:33]} 12. Nc3 {[%clk 1:27:45]} Nxc3 {[%clk 1:17:42]} 13. bxc3 b6 14. Bg5
{[%clk 1:10:17]} Nxe5 15. Bxe7 Nxd3 16. Bxf8 Nf4 17. Qe4 Bb7 18. Bd6 Qxd6 19.
Qxb7 Rd8 20. Qe4 f5 21. Qe5 Qxe5 22. Nxe5 Ne2+ 23. Kh1 Nxc3 24. Rac1 Ne4 25. f3
Nc5 26. Rfd1 Re8 27. Kg1 h6 28. Nd7 Na6 29. f4 Kh8 30. Ne5 Nc5 31. Rd8 Rxd8 32.
Nf7+ Kg8 33. Nxd8 Kf8 34. Re1 Nd3 35. Nxe6+ Kf7 36. Re3 Nb2 37. Nd8+ Kf8 38.
Nc6 a6 39. Rb3 Nc4 40. Ne5 1-0

[Event "Deutsche Ländermeisterschaft 2021"]
[Site "Neumünster GER"]
[Date "2021.10.04"]
[Round "4"]
[White "Pohle, Saskia"]
[Black "Reinecke, Katharina"]
[Result "1/2-1/2"]
[Termination "normal"]
[Board "5.5"]
[WhiteElo "1880"]
[BlackElo "1945"]
[WhiteClock "00:31:08"]
[BlackClock "00:19:47"]
[WhiteTeam "Sachsen-Anhalt"]
[BlackTeam "Hessen"]
[PlyCount "85"]
[WhiteFideId "16201604"]
[BlackFideId "12929727"]
[EventCountry "GER"]
[EventRounds "7"]
[EventType "team-swiss"]
[EventDate "2021.10.01"]

1. e4 {[%clk 1:30:58]} c6 {[%clk 1:30:56]} 2. Nf3 {[%clk 1:31:23]} d5 {[%clk
1:31:16]} 3. Nc3 {[%clk 1:31:47]} Bg4 {[%clk 1:31:34]} 4. h3 {[%clk 1:32:10]}
Bxf3 {[%clk 1:31:55]} 5. Qxf3 {[%clk 1:32:34]} e6 {[%clk 1:32:18]} 6. d3 {[%clk
1:32:56]} Nf6 {[%clk 1:21:48]} 7. Bd2 {[%clk 1:30:16]} d4 {[%clk 1:05:35]} 8.
Ne2 {[%clk 1:29:39]} c5 {[%clk 1:05:04]} 9. g4 {[%clk 1:24:36]} Nc6 {[%clk
1:02:27]} 10. Qg3 {[%clk 1:21:50]} h5 {[%clk 0:50:19]} 11. g5 {[%clk 1:16:26]}
h4 {[%clk 0:46:50]} 12. Qg2 {[%clk 1:14:18]} Nd7 {[%clk 0:45:13]} 13. f4 {[%clk
1:12:34]} Qb6 {[%clk 0:44:14]} 14. O-O-O {[%clk 1:08:28]} O-O-O {[%clk
0:42:23]} 15. Qg4 {[%clk 1:04:47]} Kb8 {[%clk 0:33:34]} 16. Ng1 {[%clk
0:55:15]} Nb4 {[%clk 0:29:17]} 17. Bxb4 {[%clk 0:49:27]} cxb4 {[%clk 0:26:41]}
18. Nf3 {[%clk 0:47:39]} Nc5 {[%clk 0:23:30]} 19. Nd2 {[%clk 0:45:06]} Qa6
{[%clk 0:21:37]} 20. Kb1 {[%clk 0:44:49]} Na4 {[%clk 0:21:05]} 21. Ka1 {[%clk
0:40:26]} Rc8 {[%clk 0:14:35]} 22. Rc1 {[%clk 0:38:50]} Be7 {[%clk 0:10:55]}
23. Nb3 {[%clk 0:35:11]} Qb6 {[%clk 0:08:07]} 24. Bg2 {[%clk 0:33:14]} Rc7
{[%clk 0:07:37]} 25. Rh2 {[%clk 0:30:52]} a5 {[%clk 0:04:13]} 26. e5 {[%clk
0:24:04]} Nc5 {[%clk 0:03:37]} 27. Nxc5 {[%clk 0:24:03]} Qxc5 {[%clk 0:03:50]}
28. Be4 {[%clk 0:20:18]} a4 {[%clk 0:03:32]} 29. Qd1 {[%clk 0:19:07]} g6 {[%clk
0:02:25]} 30. Qd2 {[%clk 0:17:30]} b3 {[%clk 0:02:05]} 31. c4 {[%clk 0:14:32]}
dxc3 {[%clk 0:01:54]} 32. Qxc3 {[%clk 0:14:41]} Qxc3 {[%clk 0:01:06]} 33. Rxc3
{[%clk 0:15:04]} Rxc3 {[%clk 0:00:49]} 34. bxc3 {[%clk 0:15:27]} Rc8 {[%clk
0:00:42]} 35. Kb2 {[%clk 0:14:05]} bxa2 {[%clk 0:01:01]} 36. c4 {[%clk
0:13:20]} Bc5 {[%clk 0:01:00]} 37. Re2 {[%clk 0:12:00]} Kc7 {[%clk 0:00:52]}
38. Kxa2 {[%clk 0:11:38]} Rb8 {[%clk 0:01:07]} 39. Rb2 {[%clk 0:04:28]} b6
{[%clk 0:00:47]} 40. Rc2 {[%clk 0:03:40]} Rd8 {[%clk 0:00:50]} 41. Re2 {[%clk
0:03:31]} Rd7 {[%clk 0:23:38]} 42. Kb2 {[%clk 0:31:14]} Rd8 {[%clk 0:19:47]}
43. Ka2 {[%clk 0:31:08]} 1/2-1/2

[Event "Deutsche Ländermeisterschaft 2021"]
[Site "Neumünster GER"]
[Date "2021.10.04"]
[Round "4"]
[White "Buchholz, Maja"]
[Black "Voigt, Anastasia"]
[Result "1-0"]
[Termination "normal"]
[Board "5.6"]
[WhiteElo "1748"]
[BlackElo "1756"]
[WhiteClock "00:16:42"]
[BlackClock "00:06:43"]
[WhiteTeam "Hessen"]
[BlackTeam "Sachsen-Anhalt"]
[PlyCount "61"]
[WhiteFideId "16200500"]
[BlackFideId "16235223"]
[EventCountry "GER"]
[EventRounds "7"]
[EventType "team-swiss"]
[EventDate "2021.10.01"]

1. e4 {[%clk 1:30:54]} e5 {[%clk 1:30:56]} 2. Nf3 {[%clk 1:31:20]} Nc6 {[%clk
1:31:23]} 3. Nc3 {[%clk 1:31:44]} Nf6 {[%clk 1:31:44]} 4. Bb5 {[%clk 1:32:03]}
Bc5 {[%clk 1:13:06]} 5. O-O {[%clk 1:31:57]} d6 {[%clk 1:13:00]} 6. Bxc6+
{[%clk 1:31:02]} bxc6 {[%clk 1:13:21]} 7. d4 {[%clk 1:31:16]} exd4 {[%clk
1:12:50]} 8. Nxd4 {[%clk 1:31:32]} Bd7 {[%clk 1:12:01]} 9. Bg5 {[%clk 1:26:59]}
h6 {[%clk 1:10:33]} 10. Bh4 {[%clk 1:27:08]} O-O {[%clk 1:09:21]} 11. Kh1
{[%clk 1:20:07]} Re8 {[%clk 1:05:32]} 12. f4 {[%clk 1:17:47]} Qe7 {[%clk
1:01:20]} 13. Nf3 {[%clk 1:05:30]} Qe6 {[%clk 0:49:24]} 14. f5 {[%clk 1:02:45]}
Qc4 {[%clk 0:44:43]} 15. Bxf6 {[%clk 0:58:43]} gxf6 {[%clk 0:45:03]} 16. Nd2
{[%clk 0:55:42]} Qb4 {[%clk 0:41:32]} 17. Nb3 {[%clk 0:51:37]} Be3 {[%clk
0:35:52]} 18. Qf3 {[%clk 0:50:08]} Bd4 {[%clk 0:33:18]} 19. a3 {[%clk 0:49:51]}
Qc4 {[%clk 0:33:12]} 20. Nxd4 {[%clk 0:47:05]} Qxd4 {[%clk 0:33:27]} 21. Rad1
{[%clk 0:47:11]} Qb6 {[%clk 0:33:08]} 22. Qh5 {[%clk 0:46:22]} Kg7 {[%clk
0:31:08]} 23. Rf3 {[%clk 0:29:19]} Rh8 {[%clk 0:27:23]} 24. e5 {[%clk 0:21:22]}
fxe5 {[%clk 0:23:43]} 25. Qh4 {[%clk 0:19:45]} Qb8 {[%clk 0:19:27]} 26. Qe7
{[%clk 0:17:13]} Qe8 {[%clk 0:18:37]} 27. Rg3+ {[%clk 0:17:05]} Kh7 {[%clk
0:18:24]} 28. Qf6 {[%clk 0:16:44]} Qf8 {[%clk 0:17:44]} 29. Ne4 {[%clk
0:17:01]} Rg8 {[%clk 0:14:12]} 30. Rdd3 {[%clk 0:16:54]} Rg7 {[%clk 0:06:43]}
31. Qxh6+ {[%clk 0:16:42]} 1-0

[Event "Deutsche Ländermeisterschaft 2021"]
[Site "Neumünster GER"]
[Date "2021.10.04"]
[Round "4"]
[White "Polzin, Gustav"]
[Black "Buchinger, Alexis"]
[Result "0-1"]
[Termination "normal"]
[Board "5.7"]
[WhiteElo "1536"]
[BlackElo "1614"]
[WhiteClock "00:48:57"]
[BlackClock "01:14:55"]
[WhiteTeam "Sachsen-Anhalt"]
[BlackTeam "Hessen"]
[PlyCount "88"]
[WhiteFideId "34603280"]
[BlackFideId "16287134"]
[EventCountry "GER"]
[EventRounds "7"]
[EventType "team-swiss"]
[EventDate "2021.10.01"]

1. e4 {[%clk 1:30:57]} e5 {[%clk 1:30:58]} 2. Nf3 {[%clk 1:31:16]} Nc6 {[%clk
1:31:22]} 3. Bc4 {[%clk 1:31:38]} Bc5 {[%clk 1:31:46]} 4. c3 {[%clk 1:32:02]}
Nf6 {[%clk 1:32:10]} 5. d3 {[%clk 1:32:25]} d6 {[%clk 1:32:07]} 6. O-O {[%clk
1:31:48]} O-O {[%clk 1:32:10]} 7. a4 {[%clk 1:32:00]} a6 {[%clk 1:31:41]} 8.
Nbd2 Ba7 {[%clk 1:30:14]} 9. Re1 {[%clk 1:29:06]} Be6 10. Bxe6 fxe6 {[%clk
1:29:32]} 11. Nf1 {[%clk 1:25:17]} Qe8 {[%clk 1:24:19]} 12. Be3 {[%clk
1:24:36]} d5 13. Qc2 {[%clk 1:22:22]} d4 {[%clk 1:18:54]} 14. Bd2 {[%clk
1:16:52]} Qg6 {[%clk 1:16:02]} 15. Ng3 {[%clk 1:14:54]} Nh5 {[%clk 1:11:03]}
16. Qb3 {[%clk 0:51:41]} Nxg3 {[%clk 1:09:34]} 17. hxg3 {[%clk 0:51:49]} dxc3
{[%clk 1:09:42]} 18. bxc3 {[%clk 0:50:27]} Rxf3 {[%clk 1:08:10]} 19. d4 {[%clk
0:45:32]} Bxd4 {[%clk 1:08:02]} 20. Rf1 {[%clk 0:44:51]} Rxg3 {[%clk 1:07:35]}
21. Qd1 {[%clk 0:40:03]} Rxg2+ {[%clk 1:07:45]} 22. Kh1 {[%clk 0:40:26]} Rg4
{[%clk 1:07:52]} 23. Qxg4 {[%clk 0:40:36]} Qxg4 {[%clk 1:08:06]} 24. cxd4
{[%clk 0:41:04]} Qh3+ {[%clk 1:07:59]} 25. Kg1 {[%clk 0:41:25]} Nxd4 {[%clk
1:08:24]} 26. f3 {[%clk 0:41:41]} Qg3+ {[%clk 1:08:48]} 27. Kh1 {[%clk
0:42:01]} Nxf3 {[%clk 1:09:12]} 28. Rxf3 {[%clk 0:42:16]} Qxf3+ {[%clk
1:09:37]} 29. Kg1 {[%clk 0:42:44]} Rf8 {[%clk 1:10:00]} 30. Be1 {[%clk
0:43:08]} Qf1+ {[%clk 1:10:24]} 31. Kh2 {[%clk 0:43:33]} Rf3 {[%clk 1:10:44]}
32. Bg3 {[%clk 0:43:58]} Qxa1 {[%clk 1:11:06]} 33. Kg2 {[%clk 0:44:25]} Qf1+
{[%clk 1:11:28]} 34. Kh2 {[%clk 0:44:50]} Rxg3 {[%clk 1:11:45]} 35. Kxg3 {[%clk
0:45:16]} Qf4+ {[%clk 1:12:08]} 36. Kg2 {[%clk 0:45:41]} g5 {[%clk 1:12:31]}
37. a5 {[%clk 0:46:06]} g4 {[%clk 1:12:56]} 38. Kg1 {[%clk 0:46:32]} Qf3 {[%clk
1:13:17]} 39. Kh2 {[%clk 0:46:59]} g3+ {[%clk 1:13:41]} 40. Kh3 {[%clk
0:47:26]} g2+ {[%clk 1:14:02]} 41. Kh4 {[%clk 0:47:52]} Qf6+ {[%clk 1:14:14]}
42. Kh3 {[%clk 0:48:13]} Qf2 {[%clk 1:14:32]} 43. Kg4 {[%clk 0:48:32]} g1=Q+
{[%clk 1:14:55]} 44. Kh5 {[%clk 0:48:57]} Qfh2# 0-1

[Event "Deutsche Ländermeisterschaft 2021"]
[Site "Neumünster GER"]
[Date "2021.10.04"]
[Round "4"]
[White "Neininger, Sarah"]
[Black "Rössling, Laura Marie"]
[Result "1-0"]
[Termination "normal"]
[Board "5.8"]
[WhiteElo "1412"]
[BlackElo "986"]
[WhiteClock "01:27:08"]
[BlackClock "01:19:25"]
[WhiteTeam "Hessen"]
[BlackTeam "Sachsen-Anhalt"]
[PlyCount "147"]
[WhiteFideId "16287410"]
[BlackFideId "16289471"]
[EventCountry "GER"]
[EventRounds "7"]
[EventType "team-swiss"]
[EventDate "2021.10.01"]

1. e4 {[%clk 1:30:57]} e5 {[%clk 1:30:46]} 2. Bc4 {[%clk 1:31:17]} Nf6 {[%clk
1:30:47]} 3. d3 {[%clk 1:31:00]} h6 {[%clk 1:26:53]} 4. Nc3 {[%clk 1:30:30]}
Bc5 {[%clk 1:25:17]} 5. f4 {[%clk 1:29:28]} d6 {[%clk 1:23:33]} 6. h3 {[%clk
1:29:23]} Bd7 {[%clk 1:22:05]} 7. Nf3 {[%clk 1:28:48]} Nc6 8. Na4 {[%clk
1:28:58]} Qe7 {[%clk 1:19:51]} 9. Nxc5 dxc5 {[%clk 1:19:25]} 10. O-O {[%clk
1:28:01]} O-O-O {[%clk 1:19:25]} 11. fxe5 {[%clk 1:27:08]} Nxe5 12. Nxe5 Qxe5
13. Bxf7 Be6 14. Bxe6+ Qxe6 15. Be3 Qe5 16. Rf5 Qg3 17. Bxc5 b6 18. Be7 Qe3+
19. Kh1 Rd7 20. Bxf6 gxf6 21. Rxf6 Qd4 22. Rf1 Qxb2 23. Qb1 Qg7 24. Qb4 Rg8 25.
Rg1 Rd6 26. Qd2 Rg6 27. Rae1 Qf7 28. c4 Qe6 29. Qf2 Rf6 30. Qe2 Rgf8 31. Qg4
Qxg4 32. hxg4 Rf4 33. Kh2 Rxg4 34. Kh3 Rgf4 35. e5 Kd8 36. Re3 Rf2 37. a3 Ra2
38. d4 Rc2 39. e6 Ke7 40. Rge1 Rxc4 41. d5 Rd4 42. Re5 Rd3+ 43. R1e3 Rxe3+ 44.
Rxe3 Rd8 45. Re5 Kd6 46. Rh5 Rh8 47. g4 Rf8 48. Rf5 Rg8 49. Kh4 c6 50. dxc6
Kxc6 51. Rf6 Kd6 52. Rxh6 Re8 53. Kg5 Rg8+ 54. Rg6 Rh8 55. Kf6 Rf8+ 56. Kg7 Re8
57. Kf7 Re7+ 58. Kf6 a5 59. a4 Re8 60. Kf7 Re7+ 61. Kf8 b5 62. axb5 a4 63. b6
a3 64. b7 Rxb7 65. e7+ Kd5 66. e8=Q Rb5 67. Qxb5+ Kd4 68. Ra6 Kc3 69. Rxa3+ Kd4
70. Ra4+ Ke3 71. Qb3+ Kd2 72. Ra2+ Kc1 73. Qc3+ Kb1 74. Qb2# 1-0

[Event "Deutsche Ländermeisterschaft 2021"]
[Site "Neumünster GER"]
[Date "2021.10.04"]
[Round "4"]
[White "Weishäutel, Moritz"]
[Black "Farokhi, Keyvan"]
[Result "1-0"]
[Termination "normal"]
[Board "6.1"]
[WhiteElo "2248"]
[BlackElo "2238"]
[WhiteClock "00:29:37"]
[BlackClock "00:05:10"]
[WhiteTeam "Thüringen"]
[BlackTeam "Schleswig-Holstein"]
[PlyCount "69"]
[WhiteFideId "12967300"]
[BlackFideId "12998630"]
[EventCountry "GER"]
[EventRounds "7"]
[EventType "team-swiss"]
[EventDate "2021.10.01"]

1. e4 {[%clk 1:30:57]} c5 {[%clk 1:30:41]} 2. Nf3 {[%clk 1:31:24]} d6 {[%clk
1:31:06]} 3. d4 {[%clk 1:31:50]} cxd4 {[%clk 1:31:28]} 4. Nxd4 {[%clk 1:32:16]}
Nf6 {[%clk 1:31:46]} 5. Nc3 {[%clk 1:32:43]} a6 {[%clk 1:32:10]} 6. Bg5 {[%clk
1:33:09]} e6 {[%clk 1:32:16]} 7. f4 {[%clk 1:33:35]} Nbd7 {[%clk 1:32:34]} 8.
Bc4 {[%clk 1:33:31]} Qb6 {[%clk 1:28:03]} 9. Bxf6 {[%clk 1:33:20]} Nxf6 {[%clk
1:27:44]} 10. Bb3 {[%clk 1:33:37]} Be7 {[%clk 1:24:27]} 11. Qd2 {[%clk
1:33:56]} Qc5 {[%clk 1:22:53]} 12. O-O-O {[%clk 1:31:51]} b5 {[%clk 1:18:39]}
13. g4 {[%clk 1:25:24]} Bb7 {[%clk 1:09:54]} 14. Rhe1 {[%clk 1:08:30]} b4
{[%clk 0:58:52]} 15. Na4 {[%clk 1:07:18]} Qc7 {[%clk 0:55:48]} 16. Qxb4 {[%clk
1:02:10]} Nxe4 {[%clk 0:51:37]} 17. Rxe4 {[%clk 1:01:41]} Bxe4 {[%clk 0:49:16]}
18. Nxe6 {[%clk 1:01:44]} fxe6 {[%clk 0:48:38]} 19. Qxe4 {[%clk 1:02:09]} O-O
{[%clk 0:40:20]} 20. Nc3 {[%clk 0:58:13]} Kh8 {[%clk 0:39:15]} 21. Qxe6 {[%clk
0:57:33]} Bf6 {[%clk 0:34:34]} 22. Nd5 {[%clk 0:57:07]} Qc5 {[%clk 0:34:04]}
23. g5 {[%clk 0:55:59]} Rae8 {[%clk 0:33:23]} 24. Qd7 {[%clk 0:55:18]} Bd4
{[%clk 0:29:10]} 25. Kb1 {[%clk 0:50:37]} Qb5 {[%clk 0:24:35]} 26. Qh3 {[%clk
0:45:19]} g6 {[%clk 0:15:48]} 27. Nc7 {[%clk 0:41:55]} Qe2 {[%clk 0:15:16]} 28.
c3 {[%clk 0:42:18]} Re3 {[%clk 0:14:32]} 29. Qd7 {[%clk 0:37:26]} Rxc3 {[%clk
0:08:32]} 30. Rxd4 {[%clk 0:33:07]} Rf3 {[%clk 0:07:07]} 31. Qxd6 {[%clk
0:30:53]} Rf1+ {[%clk 0:04:57]} 32. Bd1 {[%clk 0:30:05]} R8xf4 {[%clk 0:05:07]}
33. Qd8+ {[%clk 0:29:09]} Kg7 {[%clk 0:04:49]} 34. Rd7+ {[%clk 0:29:19]} Rf7
{[%clk 0:05:10]} 35. Ne8+ {[%clk 0:29:37]} 1-0

[Event "Deutsche Ländermeisterschaft 2021"]
[Site "Neumünster GER"]
[Date "2021.10.04"]
[Round "4"]
[White "Bornholdt, Joa Max"]
[Black "Müller, Magnus"]
[Result "1-0"]
[Termination "normal"]
[Board "6.2"]
[WhiteElo "1956"]
[BlackElo "2047"]
[WhiteClock "00:59:56"]
[BlackClock "00:35:16"]
[WhiteTeam "Schleswig-Holstein"]
[BlackTeam "Thüringen"]
[PlyCount "49"]
[WhiteFideId "16253477"]
[BlackFideId "16230060"]
[EventCountry "GER"]
[EventRounds "7"]
[EventType "team-swiss"]
[EventDate "2021.10.01"]

1. d4 {[%clk 1:30:52]} Nf6 {[%clk 1:30:51]} 2. c4 {[%clk 1:31:16]} e6 {[%clk
1:31:17]} 3. Nc3 {[%clk 1:31:41]} Bb4 {[%clk 1:31:40]} 4. e3 {[%clk 1:32:06]}
O-O {[%clk 1:30:43]} 5. Bd3 {[%clk 1:32:21]} c5 {[%clk 1:31:07]} 6. Nf3 {[%clk
1:32:46]} d5 {[%clk 1:31:17]} 7. O-O {[%clk 1:33:07]} dxc4 {[%clk 1:31:43]} 8.
Bxc4 {[%clk 1:33:32]} Nc6 {[%clk 1:31:56]} 9. Bd3 {[%clk 1:30:42]} cxd4 {[%clk
1:19:16]} 10. exd4 {[%clk 1:30:49]} b6 {[%clk 1:18:23]} 11. a3 {[%clk 1:30:20]}
Bxc3 {[%clk 1:12:36]} 12. bxc3 {[%clk 1:29:19]} h6 {[%clk 1:11:17]} 13. Bb2
{[%clk 1:28:55]} Bb7 {[%clk 1:09:46]} 14. Rc1 {[%clk 1:29:10]} Na5 {[%clk
1:07:12]} 15. c4 {[%clk 1:29:07]} Rc8 {[%clk 1:06:24]} 16. Re1 {[%clk 1:28:23]}
Ba6 {[%clk 0:51:52]} 17. Ne5 {[%clk 1:28:28]} Nd7 {[%clk 0:51:35]} 18. Nxd7
{[%clk 1:14:11]} Qxd7 {[%clk 0:51:59]} 19. Qe2 {[%clk 1:13:30]} Rfd8 {[%clk
0:46:16]} 20. Qe4 {[%clk 1:04:35]} f5 {[%clk 0:43:47]} 21. Qe2 {[%clk 1:04:23]}
e5 {[%clk 0:40:01]} 22. Qxe5 {[%clk 1:01:07]} Nxc4 {[%clk 0:37:14]} 23. Rxc4
{[%clk 1:00:15]} Bxc4 {[%clk 0:36:03]} 24. Bxf5 {[%clk 0:59:51]} Qd6 {[%clk
0:35:16]} 25. Qxd6 {[%clk 0:59:56]} 1-0

[Event "Deutsche Ländermeisterschaft 2021"]
[Site "Neumünster GER"]
[Date "2021.10.04"]
[Round "4"]
[White "Reucker, Friedrich"]
[Black "Bosselmann, Tom Linus"]
[Result "1/2-1/2"]
[Termination "normal"]
[Board "6.3"]
[WhiteElo "2031"]
[BlackElo "2064"]
[WhiteClock "00:03:09"]
[BlackClock "00:10:31"]
[WhiteTeam "Thüringen"]
[BlackTeam "Schleswig-Holstein"]
[PlyCount "42"]
[WhiteFideId "12993670"]
[BlackFideId "12983845"]
[EventCountry "GER"]
[EventRounds "7"]
[EventType "team-swiss"]
[EventDate "2021.10.01"]

1. d4 {[%clk 1:30:51]} g6 {[%clk 1:29:21]} 2. Bf4 {[%clk 1:30:59]} Nf6 {[%clk
1:29:33]} 3. Nc3 d5 {[%clk 1:24:46]} 4. e3 {[%clk 1:31:16]} Bg7 {[%clk
1:22:14]} 5. h4 O-O {[%clk 1:18:21]} 6. h5 {[%clk 1:31:24]} c5 {[%clk 1:16:58]}
7. hxg6 {[%clk 1:27:03]} fxg6 8. Qd2 {[%clk 0:59:24]} Qa5 {[%clk 1:08:12]} 9.
O-O-O {[%clk 0:53:13]} Nc6 {[%clk 0:57:32]} 10. f3 {[%clk 0:49:15]} Be6 {[%clk
0:39:27]} 11. g4 {[%clk 0:40:14]} cxd4 {[%clk 0:34:41]} 12. exd4 {[%clk
0:40:05]} Nxd4 {[%clk 0:32:32]} 13. Qe3 {[%clk 0:33:09]} Ne4 14. fxe4 {[%clk
0:22:11]} Bxg4 {[%clk 0:27:17]} 15. Rxd4 {[%clk 0:17:21]} Bxd4 {[%clk 0:26:35]}
16. Qxd4 {[%clk 0:16:15]} Rxf4 {[%clk 0:26:55]} 17. Bd3 {[%clk 0:09:29]} dxe4
{[%clk 0:23:26]} 18. Nge2 {[%clk 0:05:12]} exd3 {[%clk 0:19:08]} 19. Nxf4
{[%clk 0:05:19]} Qg5 {[%clk 0:15:26]} 20. cxd3 {[%clk 0:02:41]} e5 {[%clk
0:14:00]} 21. Qd5+ {[%clk 0:03:09]} Kf8 {[%clk 0:10:31]} 1/2-1/2